000 004410000a22001810004500
003 MACL
005 20150911121742.0
008 150911b xxu||||| |||| 00| 0 eng d
040 _aMACL
_cMACL
041 _aEnglish
082 _a823
100 _aSahitya Akademi
_98336
245 _aContemporary Indian Short Stories
260 _bSahitya Akademi
_c1988
_aNew Delhi
350 _a30
650 _aFiction
_910073
942 _cBK
_k823
_2ddc
999 _c6523
_d6523